000 00733nam a2200277Ia 4500
005 20260320195723.0
008 008 262003s9999 xx 000 0 hin d
020 _a9789395737807
037 _aEBOOK
040 _aCRL
040 _bhin
040 _cCRL
041 _2hin
041 _ahin
084 _qCRL
100 _aअमिताव कुमार, अनु. प्रभात रंजन
_91132918
245 0 _aघर बेगाना हुआ किया
250 _a1st
260 _bRajkamal
260 _c2023
300 _a328
856 _uhttps://ebook.indiaread.in/pdfs/ghar_begana_hua_kiya_by_amitabh_kumar.pdf
942 _cEBOOK
999 _c1716120
_d1716120